Southville International School and Colleges
Your cart is empty.
  • Cart
  • Lists
    Public lists Eva Luna New books Lux_list list_1
    Your lists Log in to create your own lists
  • Log in to your account
  • Your cookies
  • Search history
Southville International School and Colleges
  • Advanced search
  • Recent comments
  • Most popular
  • Libraries

Log in to your account

Log in with GOOGLE


If you do not have an external account, but do have a local account, you can still log in:

  1. Home
  2. MARC view: Love & misadventure /
Normal view MARC view ISBD view

Love & misadventure / (Record no. 356289)

[ view plain ]
MARC details
000 -LEADER
fixed length control field 01462nam a22002417a 4500
003 - CONTROL NUMBER IDENTIFIER
control field SISC
005 - DATE AND TIME OF LATEST TRANSACTION
control field 20180314094616.0
008 - FIXED-LENGTH DATA ELEMENTS--GENERAL INFORMATION
fixed length control field 180314b xxu||||| |||| 00| 0 eng d
020 ## - INTERNATIONAL STANDARD BOOK NUMBER
International Standard Book Number 9781449456146
050 ## - LIBRARY OF CONGRESS CALL NUMBER
Classification number PR 9619.4 .L446
Item number L68 2013
100 ## - MAIN ENTRY--PERSONAL NAME
Personal name Leav, Lang
245 ## - TITLE STATEMENT
Title Love & misadventure /
Statement of responsibility, etc written and illustrated by Lang Leav
246 ## - VARYING FORM OF TITLE
Title proper/short title Love and misadventure
260 ## - PUBLICATION, DISTRIBUTION, ETC. (IMPRINT)
Place of publication, distribution, etc Kansas City, Missouri:
Name of publisher, distributor, etc Andrews McMeel Publishing,
Date of publication, distribution, etc c2013.
300 ## - PHYSICAL DESCRIPTION
Extent 155 pages :
Other physical details illustrations ;
Dimensions 21 cm.
500 ## - GENERAL NOTE
General note Includes index.
520 ## - SUMMARY, ETC.
Summary, etc Beautifully illustrated and thoughtfully conceived, Love and Misadventure will take you on a rollercoaster ride through an ill-fated love affairfrom the initial butterflies through the soaring heights to the devastating plunge. And, in the end, the message is one of hope. The journey from love to heartbreak to finding love again is personal yet universal. Lang Leav's evocative poetry speaks to the soul of anyone who is on this journey. Leav has an unnerving ability to see inside the hearts and minds of her readers. Her talent for translating complex emotions with astonishing simplicity has won her a cult following of devoted fans from all over the world.
650 ## - SUBJECT ADDED ENTRY--TOPICAL TERM
Source of heading or term Library of Congress Subject Headings
Topical term or geographic name as entry element Love poetry
650 ## - SUBJECT ADDED ENTRY--TOPICAL TERM
Source of heading or term Library of Congress Subject Headings
Topical term or geographic name as entry element Australia
General subdivision Poetry
650 ## - SUBJECT ADDED ENTRY--TOPICAL TERM
Source of heading or term Library of Congress Subject Headings
Topical term or geographic name as entry element English poetry
942 ## - ADDED ENTRY ELEMENTS (KOHA)
Source of classification or shelving scheme Library of Congress Classification
Koha item type Books
Holdings
Withdrawn status Lost status Source of classification or shelving scheme Damaged status Home library Current library Shelving location Date acquired Source of acquisition Sub Shelving location Total Checkouts Total Renewals Full call number Barcode Date last seen Date checked out Price effective from Koha item type
    Library of Congress Classification   Luxembourg Library Luxembourg Library Fiction Section 03/14/2018 Library Fund   6 3 PR 9619.4 .L446 L68 2013 20507 03/13/2024 03/12/2024 03/14/2018 Books

Love & misadventure /

APA

Leav L., . (2013). Love & misadventure. Kansas City, Missouri: Andrews McMeel Publishing.

Chicago

Leav Lang, . 2013. Love & misadventure. Kansas City, Missouri: Andrews McMeel Publishing.

Harvard

Leav L., . (2013). Love & misadventure. Kansas City, Missouri: Andrews McMeel Publishing.

MLA

Leav Lang, . Love & misadventure. Kansas City, Missouri: Andrews McMeel Publishing. 2013.

  • Place hold
  • Print
  • Cite
  • Add to your cart (remove)
  • Save record
    BIBTEX Dublin Core MARCXML MARC (non-Unicode/MARC-8) MARC (Unicode/UTF-8) MARC (Unicode/UTF-8, Standard) MODS (XML) RIS
  • More searches
    Search for this title in:
    Other Libraries (WorldCat) Other Databases (Google Scholar) Online Stores (Bookfinder.com) Open Library (openlibrary.org)

Exporting to Dublin Core...

SOUTHVILLE LIBRARY

Southville International School and Colleges Library

1281 Tropical Ave. Cor. Luxembourg St., BF Homes International, Las Pinas City

Tel. No. 8256374 / 252358 Loc. 117/146

Powered by Koha